<?xml version="1.0" encoding="UTF-8"?>
<collection xmlns="http://www.loc.gov/MARC21/slim">
 <record>
  <leader>00682nam a22002055a 4500</leader>
  <controlfield tag="001">EUN.eunm009532</controlfield>
  <controlfield tag="007">ta</controlfield>
  <controlfield tag="008">080620s2007####ag#####g######000#0#spa##</controlfield>
  <controlfield tag="005">20250715103700.0</controlfield>
  <datafield tag="245" ind1="1" ind2="4">
   <subfield code="a">Una filosofía del Paraíso :</subfield>
   <subfield code="b">(ensayo de Fenomenología imaginal del alma) /</subfield>
   <subfield code="c">Jorge Mingarro.</subfield>
  </datafield>
  <datafield tag="260" ind1=" " ind2=" ">
   <subfield code="a">Buenos Aires :</subfield>
   <subfield code="b">Dunken,</subfield>
   <subfield code="c">2007.</subfield>
  </datafield>
  <datafield tag="300" ind1=" " ind2=" ">
   <subfield code="a">142 p. ;</subfield>
   <subfield code="c">23 cm.</subfield>
  </datafield>
  <datafield tag="020" ind1=" " ind2=" ">
   <subfield code="a">978-987-02-2772-4</subfield>
  </datafield>
  <datafield tag="100" ind1="1" ind2=" ">
   <subfield code="a">Mingarro, Jorge,</subfield>
   <subfield code="d">1949-,</subfield>
   <subfield code="e">autor.</subfield>
   <subfield code="4">aut</subfield>
  </datafield>
  <datafield tag="082" ind1="0" ind2="4">
   <subfield code="a">142.7</subfield>
   <subfield code="2">21</subfield>
  </datafield>
  <datafield tag="650" ind1=" " ind2="7">
   <subfield code="a">Filosofía.</subfield>
   <subfield code="2">unbist</subfield>
  </datafield>
  <datafield tag="650" ind1=" " ind2="7">
   <subfield code="a">Metafísica.</subfield>
   <subfield code="2">unbist</subfield>
  </datafield>
  <datafield tag="040" ind1=" " ind2=" ">
   <subfield code="a">AR-BaBN</subfield>
   <subfield code="b">spa</subfield>
   <subfield code="c">AR-BaBN</subfield>
   <subfield code="e">aacr</subfield>
   <subfield code="d">AR-BaUNS</subfield>
  </datafield>
  <datafield tag="044" ind1=" " ind2=" ">
   <subfield code="a">ag</subfield>
   <subfield code="c">ar-c</subfield>
  </datafield>
  <datafield tag="859" ind1=" " ind2=" ">
   <subfield code="a">AR-BaUNS</subfield>
   <subfield code="b">BIB. CENTRAL - Sector A</subfield>
   <subfield code="h">142.7</subfield>
   <subfield code="i">M663</subfield>
   <subfield code="p">129011/025</subfield>
  </datafield>
 </record>
</collection>
